000 00407nam a2200169Ia 4500
008 221030s9999 xx 000 0 und d
020 _a9380027326
041 _aEnglish
082 _a105.23
100 _aL. Arora
245 0 _aC # Using . Net Framework
_cby L. Arora, A. Arora
260 _bS. K. Kataria & Sons
_aNew Delhi
_c2009
300 _a487
650 _aIT
700 _aA. Arora
942 _cBK
999 _c8943
_d8943